Santa fe, mi país /

Guardado en:
Autor Principal: Booz, Mateo
Otros Autores: Correa, Miguel Angel
Formato: Libro
Publicado: Buenos Aires : Huenul, 1974
Materias:
Etiquetas: Agregar Etiqueta
Sin Etiquetas, Sea el primero en etiquetar este registro!
LEADER 00657nam a22002175a 4500
001 CEM.cems001129
005 20101125100013.0
008 130507s1974##################000#0#####d
003 CEMS
082 0 4 |a A868.4 
100 1 |a Booz, Mateo 
245 1 0 |a Santa fe, mi país /  |c Mateo Booz [seudónimo] 
260 |a Buenos Aires :  |b Huenul,  |c 1974 
300 |a 166 p. 
653 |a Literatura 
653 |a Literatura argentina-siglo 20 
653 |a Cuentos 
653 |a Cuento argentino 
700 1 |a Correa, Miguel Angel 
859 |a CEMS  |b BIB. CEMS - 11 de abril  |h A868.4  |i B644-6  |p 13147.84  |t Ej.1 
859 |a CEMS  |b BIB. CEMS - 11 de abril  |h A868.4  |i B644-6  |p 13319.85  |t Ej.2